000
00286nam a2200097Ia 4500
008
210107s9999 xx 000 0 und d
100
_a
Rao,T. V.
245
0
_a
HRD Audit: Evaluating the Human Resource Function for business Improvement
260
_a
New Delhi
_b
Response books
942
_c
BK
999
_c
10515
_d
10515